Capitals - Statistics

General Stats
  • This quiz has been taken 52 times
  • The average score is 9 of 11
Answers on the Grid
Answers color-coded by a green-red scale on the quiz's grid according to % correct below.
Berlin
Zurich
Rome
St Petersburg
Sarajevo
New York
Toronto
Mexico City
Barcelona
London
Beijing
Tokyo
Sydney
Shanghai
Dubai
Riyadh
Cairo
Lagos
Kinshasa
Cape Town
 
Answer Stats
Answer % Correct
Berlin
95%
Mexico City
83%
Rome
83%
Cairo
81%
London
81%
Tokyo
79%
Riyadh
76%
Beijing
74%
Cape Town
71%
Sarajevo
71%
Kinshasa
67%
No matching quizzes found
Score Distribution
Percent of People with Each Score
Percentile by Number Answered
Your Score History
You have not taken this quiz